Online Catalogue and eLibrary

Golden Thoughts on Women (Record no. 1596)

MARC details
000 -LEADER
fixed length control field 00463nam a2200193Ia 4500
005 - DATE AND TIME OF LATEST TRANSACTION
control field 20250117045811.0
008 - FIXED-LENGTH DATA ELEMENTS--GENERAL INFORMATION
fixed length control field 240331s9999 xx 000 0 und d
020 ## - INTERNATIONAL STANDARD BOOK NUMBER
ISBN 8187036524
082 ## - DDC Classification
Item Number - Author Mark KAU
DDC Edition Number 4707
Class No. 305.3
100 ## - MAIN ENTRY--PERSONAL NAME
Personal name Kaushik, V
245 #0 - TITLE STATEMENT
Title Golden Thoughts on Women
260 ## - PUBLICATION, DISTRIBUTION, ETC.
Place of publication, distribution, etc. Jaipur
Name of publisher, distributor, etc. Book Enclave
Date of publication, distribution, etc. 2001
300 ## - PHYSICAL DESCRIPTION
Extent (e.g. Volumes, Pages etc.) v, 426 p.,
650 ## - SUBJECT ADDED ENTRY--TOPICAL TERM
Topical term or geographic name entry element Women
650 ## - SUBJECT ADDED ENTRY--TOPICAL TERM
Topical term or geographic name entry element Religion
650 ## - SUBJECT ADDED ENTRY--TOPICAL TERM
Topical term or geographic name entry element Women Education
650 ## - SUBJECT ADDED ENTRY--TOPICAL TERM
Topical term or geographic name entry element Women Profession
942 ## - Koha item type (Biblio)
Koha item type Books in Stacks (Lending)
Holdings
Lost status Damaged status Collection code Home library Current library Shelving location Date acquired Full call number Accession Number Item type
    Lending WERC Library WERC Library Social Science Cupboard 03/31/2024 305.3 KAU 4707 Books in Stacks (Lending)

© WERC Library